000 00261nam a22001217a 4500
008 180314b xxu||||| |||| 00| 0 eng d
041 _aeng
080 _a7
100 _a42
101 _aART
245 _aHOW LIFE GETS THE STORY
_cGAY.G
942 _2udc
_cBK
999 _c45031
_d45031